Plantas que hablan, plantas que curan (Registro nro. 4957)

Detalles MARC
000 -LEADER
fixed length control field 01303 a2200265 4500
001 - CONTROL NUMBER
control field 50109
005 - DATE AND TIME OF LATEST TRANSACTION
control field 20260407155801.0
008 - FIXED-LENGTH DATA ELEMENTS--GENERAL INFORMATION
fixed length control field 260407a2019 arg spa d
003 - CONTROL NUMBER IDENTIFIER
control field AR-UNSa-BCEJYS
040 ## - CATALOGING SOURCE
Original cataloging agency AR-UNSa-BCEJYS
Language of cataloging spa
Transcribing agency AR-UNSa-BCEJYS
080 ## - UNIVERSAL DECIMAL CLASSIFICATION NUMBER
Universal Decimal Classification number 633.88
Common auxiliary subdivision Plantas medicinales. Hierbas medicinales
020 ## - INTERNATIONAL STANDARD BOOK NUMBER
International Standard Book Number 978-987-1929-98-6
041 ## - LANGUAGE CODE
Language code of text/sound track or separate title spa
100 1# - MAIN ENTRY--PERSONAL NAME
Personal name Rodríguez Echazú, Sandra
245 10 - TITLE STATEMENT
Title Plantas que hablan, plantas que curan
Name of part/section of a work estudio etnobotánico y aportes al conocimiento de la salud del departamento La Poma (Provincia de Salta, Argentina)
264 #1 - PRODUCTION, PUBLICATION, DISTRIBUTION, MANUFACTURE, AND COPYRIGHT NOTICE
Place of production, publication, distribution, manufacture Salta :
Name of producer, publisher, distributor, manufacturer Mundo Gráfico Salta
Date of production, publication, distribution, manufacture, or copyright notice 2019
300 ## - PHYSICAL DESCRIPTION
Extent 249 p.
Dimensions 23 cm.
505 ## - FORMATTED CONTENTS NOTE
Formatted contents note 1. Introducción - 2. Metodología - 3. Plantas que hablan de un territorio - 4. Las perspectivas de la población - 5. Plantas que hablan, plantas que curan - 6. Flora de las plantas medicinales del territorio - 7. Diálogos acerca de la salud. Reflexiones finales - 9. Glosario del nombre científico de las plantas medicinales - 10. Bibliografía -
590 ## - LOCAL NOTE (RLIN)
Local note niveau_biblio:m niveau_hierar:0
700 1# - ADDED ENTRY--PERSONAL NAME
Personal name Oliva, Valeria
700 1# - ADDED ENTRY--PERSONAL NAME
Personal name Peduzzi, Mónica
700 1# - ADDED ENTRY--PERSONAL NAME
Personal name Sanz Aguilar Peduzzi, Oscar
856 41 - ELECTRONIC LOCATION AND ACCESS
Uniform Resource Identifier <a href="https://www.biblioeco.unsa.edu.ar/pmb/images/libros/L128247.jpg">https://www.biblioeco.unsa.edu.ar/pmb/images/libros/L128247.jpg</a>
Link text Imagen de portada
Electronic format type image/jpeg
942 ## - ADDED ENTRY ELEMENTS (KOHA)
Koha item type
Existencias
Withdrawn status Lost status Damaged status Not for loan Home library Current library Shelving location Date acquired Total checkouts Full call number Barcode Date last seen Price effective from Koha item type
        Biblioteca Prof. Eusebio Cleto del Rey Biblioteca Prof. Eusebio Cleto del Rey   07/04/2026   633.88 R696 L128247 07/04/2026 07/04/2026 Libro